ARRUPE JESUIT UNIVERSITY

CORONAVIRUS -STOP THE SPREAD - CLEAN,DISINFECT,COVER

Ontology (Record no. 119367)

MARC details
000 -LEADER
fixed length control field 00460nam a22001457a 4500
005 - DATE AND TIME OF LATEST TRANSACTION
control field 20160504112808.0
008 - FIXED-LENGTH DATA ELEMENTS--GENERAL INFORMATION
fixed length control field 131219b xxu||||| |||| 00| 0 eng d
050 ## - LIBRARY OF CONGRESS CALL NUMBER
Classification number B3279.H98
Item number O6713 1999
100 ## - MAIN ENTRY--PERSONAL NAME
Personal name Heidegger, Martin.
9 (RLIN) 6008
245 ## - TITLE STATEMENT
Title Ontology
Remainder of title The hermeneutics of Facticity
Statement of responsibility, etc by Heidegger, Martin.
260 ## - PUBLICATION, DISTRIBUTION, ETC. (IMPRINT)
Place of publication, distribution, etc Bloomington
Name of publisher, distributor, etc Indiana University Press
Date of publication, distribution, etc 1999.
300 ## - PHYSICAL DESCRIPTION
Extent xii, 138p. ;
Dimensions 23cm.
650 ## - SUBJECT ADDED ENTRY--TOPICAL TERM
Topical term or geographic name as entry element Ontology
9 (RLIN) 24363
942 ## - ADDED ENTRY ELEMENTS (KOHA)
Source of classification or shelving scheme Library of Congress Classification
Item type Monograph ( Printed materials)
Koha issues (borrowed), all copies 1
Holdings
Withdrawn status Lost status Source of classification or shelving scheme Damaged status Not for loan Collection code Home library Current library Shelving location Date acquired Total Checkouts Full call number Barcode Date last seen Date last borrowed Price effective from Koha item type
    Library of Congress Classification     Main Collection ARRUPE LIBRARY ARRUPE LIBRARY Main Collection 19/12/2013 2 B3279.H98 O6713 1999 46500025501 03/10/2016 22/08/2016 19/12/2013 Monograph ( Printed materials)

 

Arrupe Library. PO Box MP320 Mt Pleasant, Harare, Zimbabwe
263 242 745411|librarian@aju.ac.zw